000 00333nam a2200121Ia 4500
008 240624s9999 xx 000 0 und d
041 _aeng
082 _a657 GOD
100 _aGODWIN NORMAN H
245 _aFINANCIAL ACCT A SOUTH ASIAN PERSPECTIVE
260 _c2012
_aNew Delhi
_bCengage Learning
300 _axi, : 348 : p. : cm. ; 27
999 _c24221
_d24221